000 00299nam a2200133Ia 4500
005 20251222155048.0
008 251222s9999||||xx |||||||||||||| ||spa||
082 _aENC.27
100 _aEl Comercio.
245 0 _aColección ilustrada Atlas
250 _a1ra. ed.
264 _bAtlas
942 _cLIB
999 _c37161
_d37161